| 000 | 00649nam a22002177a 4500 | ||
|---|---|---|---|
| 003 | BUBTL | ||
| 008 | 230319b ||||| |||| 00| 0 eng d | ||
| 020 | _a9848272224 | ||
| 082 | _a 347.73/ Is41l/ 2006 | ||
| 100 |
_92421 _aIslam, Mahmudul |
||
| 245 |
_aThe Law of Civil Procedure (Vol-2) : _bMahmudul Islam, Probir Neogi |
||
| 250 | _a1st edn. | ||
| 260 |
_aDhaka _bMullick Brothers _cc2006 |
||
| 300 |
_a[xv], 973-2018p. : _b22 cm. |
||
| 500 | _aIncludes Index | ||
| 650 | 0 |
_926 _aLaw |
|
| 700 |
_95232 _aMahmudul Islam, Probir Neogi |
||
| 856 |
_k0 _l0 _yDownload |
||
| 942 |
_2ddc _cBK |
||
| 999 |
_c6989 _d6989 |
||